[Event "Reykjavik Open 2025"]
[Site "Reykjavik"]
[Date "2025.04.14"]
[Round "8.185"]
[White "Hald, Morten Hansen"]
[Black "Egilsson, Kristofer Arni"]
[Result "1-0"]
[WhiteElo "1797"]
[WhiteFideId "1437615"]
[BlackElo "1569"]
[BlackFideId "2330148"]
[Variant "Standard"]
[StudyName "ROpen 2025 - Rd8 - Boards 173-END"]
1. e4 d6 2. f4 Nf6 3. Nc3 g6 4. Nf3 Bg7 5. Be2 O-O 6. O-O Nc6 7. d4 d5 8. e5 Ne4 9. Nxe4 dxe4 10. Ng5 Bf5 11. c3 h6 12. g4 Bxg4 13. Bxg4 hxg5 14. fxg5 Qd5 15. Be3 f6 16. gxf6 exf6 17. Qc2 f5 18. Be2 Kf7 19. c4 Qd7 20. d5 Nxe5 21. Qxe4 Ke7 22. Bg5+ Rf6 23. Qxe5+ Kf7 24. Bxf6 Bxf6 25. Qe6+ Qxe6 26. dxe6+ Kxe6 27. Rab1 Rg8 28. c5 Rh8 29. Bc4+ Kd7 30. Kg2 Be5 31. h3 Rh4 32. b3 f4 33. Rbe1 Bd4 34. Rd1 Kc6 35. b4 Bc3 36. Bd5+ Kb5 37. a3 c6 38. Bf7 g5 39. Rf3 Bf6 40. Rd7 Ka6 41. Bc4+ b5 42. Be6 Rh8 43. Rc7 Be5 44. Bd7 Re8 45. Bg4 Bb2 46. Rb3 Be5 47. a4 Rb8 48. axb5+ Kxb5 49. Rxa7 Kc4 50. Be6+ Kd4 51. Rd7+ Ke4 52. Bg4 Ra8 53. Bf3+ Kf5 54. Bxc6 Ra2+ 55. Kf3 Rh2 56. Be4+ Kf6 57. Rh7 g4+ 58. hxg4 Rxh7 59. Bxh7 1-0

[Event "Reykjavik Open 2025"]
[Site "Reykjavik"]
[Date "2025.04.14"]
[Round "8.186"]
[White "Standal, Egil Arne"]
[Black "Hildebrandt, Paul"]
[Result "1-0"]
[WhiteElo "1766"]
[WhiteFideId "1506978"]
[BlackElo "1587"]
[BlackFideId "34643702"]
[Variant "Standard"]
[StudyName "ROpen 2025 - Rd8 - Boards 173-END"]
1. e4 c5 2. Nc3 g6 3. Nf3 Bg7 4. Bc4 Nc6 5. O-O Ne5 6. Nxe5 Bxe5 7. d3 Nf6 8. f4 Bxc3 9. bxc3 d6 10. e5 Nh5 11. Be3 Qd7 12. Qe2 O-O 13. Rad1 b6 14. f5 Kh8 15. fxg6 hxg6 16. Bxf7 Qg4 17. Qxg4 Bxg4 18. Rde1 Kg7 19. Bd5 Rxf1+ 20. Rxf1 Rf8 21. Bh6+ 1-0

[Event "Reykjavik Open 2025"]
[Site "Reykjavik"]
[Date "2025.04.14"]
[Round "8.187"]
[White "Hausberg, Volkmar-Dirk"]
[Black "Urbaniak, Andreas"]
[Result "0-1"]
[WhiteElo "1593"]
[WhiteFideId "533023280"]
[BlackElo "1754"]
[BlackFideId "24685020"]
[Variant "Standard"]
[StudyName "ROpen 2025 - Rd8 - Boards 173-END"]
1. d4 Nf6 2. Nf3 e6 3. c4 Bb4+ 4. Nc3 b6 5. Bg5 Bb7 6. e3 Be7 7. Bd3 O-O 8. O-O d6 9. e4 Nbd7 10. Rc1 c5 11. dxc5 dxc5 12. Qe2 Ng4 13. Bxe7 Qxe7 14. Rfd1 Nge5 15. Nxe5 Nxe5 16. Bb1 Rad8 17. b3 g6 18. Qb2 Nc6 19. Ne2 e5 20. Ng3 Nd4 21. Rf1 Qg5 22. Rce1 h5 23. Ne2 Nf3+ 24. Kh1 Nxe1 25. Rxe1 Rd2 26. Qc3 Rfd8 27. Bc2 h4 28. Ng1 Rxf2 29. Re2 Qxg2# 0-1

[Event "Reykjavik Open 2025"]
[Site "Reykjavik"]
[Date "2025.04.14"]
[Round "8.188"]
[White "Jameson, Micah K"]
[Black "Billman, Brian"]
[Result "1/2-1/2"]
[WhiteElo "1726"]
[WhiteFideId "39971830"]
[BlackElo "1561"]
[BlackFideId "2330920"]
[Variant "Standard"]
[StudyName "ROpen 2025 - Rd8 - Boards 173-END"]
1. d4 Nf6 2. Nf3 g6 3. Bf4 Bg7 4. e3 d6 5. Bd3 O-O 6. Nbd2 Re8 7. Bg5 e5 8. Ne4 h6 9. Nxf6+ Bxf6 10. Bxf6 Qxf6 11. dxe5 dxe5 12. Bb5 Nc6 13. O-O Bg4 14. h3 Rad8 15. Qe2 Bxf3 16. Qxf3 Qxf3 17. gxf3 Re6 18. c3 a6 19. Ba4 b5 20. Bb3 Red6 21. a4 Na5 22. Bc2 Nc4 23. axb5 axb5 24. Kg2 Nxb2 25. Rab1 Nc4 26. Rxb5 Na3 27. Rb2 Nxc2 28. Rxc2 Rd2 29. Rfc1 R2d3 30. c4 R8d6 31. c5 Rc6 32. Rc4 f5 33. Kg3 g5 34. R1c3 Rd1 35. Rc1 Rd3 1/2-1/2

[Event "Reykjavik Open 2025"]
[Site "Reykjavik"]
[Date "2025.04.14"]
[Round "8.189"]
[White "Smarason, Kristjan Ingi"]
[Black "Gudmundsson, Eirikur Orri"]
[Result "1-0"]
[WhiteElo "1714"]
[WhiteFideId "2318148"]
[BlackElo "1551"]
[BlackFideId "2325560"]
[Variant "Standard"]
[StudyName "ROpen 2025 - Rd8 - Boards 173-END"]
1. d4 d5 2. c4 e6 3. Nc3 Nf6 4. Bg5 Be7 5. e3 O-O 6. cxd5 Ne4 7. Bxe7 Nxc3 8. bxc3 Qxe7 9. dxe6 Bxe6 10. Bd3 c5 11. Ne2 cxd4 12. cxd4 Qb4+ 13. Qd2 Nc6 14. Nc3 Qa5 15. d5 Bxd5 16. Nxd5 Qxd5 17. Bxh7+ 1-0

[Event "Reykjavik Open 2025"]
[Site "Reykjavik"]
[Date "2025.04.14"]
[Round "8.190"]
[White "Patel, Parisa"]
[Black "Fjeldsted, Andres"]
[Result "1/2-1/2"]
[WhiteElo "1498"]
[WhiteFideId "343410065"]
[BlackElo "1704"]
[BlackFideId "2321378"]
[Variant "Standard"]
[StudyName "ROpen 2025 - Rd8 - Boards 173-END"]
1. e4 e6 2. d4 d5 3. exd5 exd5 4. Bd3 Bd6 5. c3 Ne7 6. Nf3 Bf5 7. O-O Qd7 8. Re1 Nc6 9. c4 Bxd3 10. Qxd3 dxc4 11. Qxc4 O-O 12. Nc3 Ng6 13. Qb5 a6 14. Qd5 Nb4 15. Qxb7 Nc2 16. Be3 Nxa1 17. Rxa1 Rfd8 18. Rc1 c6 19. Qxd7 Rxd7 20. Na4 Rc7 21. Nb6 Rb8 22. Nc4 Bf4 23. b3 f6 24. Na5 Bxe3 25. fxe3 Rbc8 26. Nd2 Kf8 27. Ndc4 Ne7 28. b4 Rd8 29. a3 Kf7 30. Nb6 g6 31. g4 Kg7 32. Na4 Rd6 33. Nc5 Ra7 34. e4 Kf7 35. Rc4 h6 36. Kf2 Kg8 37. Kf3 1/2-1/2

[Event "Reykjavik Open 2025"]
[Site "Reykjavik"]
[Date "2025.04.14"]
[Round "8.192"]
[White "Olszewski, Milosz Ulfur"]
[Black "Wittkowski, Ralf"]
[Result "1-0"]
[WhiteElo "1497"]
[WhiteFideId "2330199"]
[BlackElo "1701"]
[BlackFideId "12959812"]
[Variant "Standard"]
[StudyName "ROpen 2025 - Rd8 - Boards 173-END"]
1. d4 f5 2. Nc3 Nf6 3. Bf4 e6 4. e3 Be7 5. Bd3 O-O 6. Nge2 Nc6 7. Nb5 a6 8. Bxc7 Qe8 9. Nd6 Qg6 10. Nf4 Qh6 11. d5 Nb4 12. Bc4 Ne8 13. Nxe8 Rxe8 14. dxe6 dxe6 15. c3 b5 16. Bb3 Ra7 17. Bb6 Rb7 18. Bd4 Nc6 19. Qc2 Nxd4 20. cxd4 Bb4+ 21. Kf1 Rf7 22. Qc6 Rfe7 23. a3 Ba5 24. Qc2 Qf6 25. Qc6 g5 26. Nd3 Bb7 27. Qc5 Rc8 28. Qe5 Qf7 29. Nc5 Rc6 30. Nxb7 Rxb7 31. d5 Bc7 32. dxe6 Bxe5 33. exf7+ Kf8 34. Bd5 Rcc7 35. Bxb7 Rxb7 36. Rb1 Rc7 37. g3 Rc2 38. b3 Kxf7 39. Kg2 g4 40. Rhc1 Ra2 41. Rc6 Rxa3 42. h3 h5 43. hxg4 hxg4 44. Rb6 Bc3 45. Rd1 Ke7 46. Rh1 Be5 47. Rh7+ Kf8 48. Rc6 Kg8 49. Rd7 Bg7 50. Rg6 Rxb3 51. Rgxg7+ Kh8 1-0

[Event "Reykjavik Open 2025"]
[Site "Reykjavik"]
[Date "2025.04.14"]
[Round "8.193"]
[White "Thorhallsson, Gunnar Thor"]
[Black "Harrison, Kirk"]
[Result "0-1"]
[WhiteElo "1416"]
[WhiteFideId "2331551"]
[BlackElo "1679"]
[BlackFideId "343419852"]
[Variant "Standard"]
[StudyName "ROpen 2025 - Rd8 - Boards 173-END"]
1. e4 c5 2. Nc3 Nc6 3. Bb5 e6 4. Bxc6 bxc6 5. Nf3 Nf6 6. O-O Be7 7. d3 h6 8. Be3 d5 9. e5 Nd7 10. Bd2 O-O 11. Re1 Rb8 12. b3 Qc7 13. Qc1 Re8 14. Qb2 f6 15. Bf4 f5 16. Ne2 g5 17. Bd2 g4 18. Nfd4 cxd4 19. Qxd4 c5 20. Qf4 Bg5 21. Ba5 Qxa5 22. Qg3 Qd8 23. f4 Bh4 24. Qe3 d4 25. Qc1 Bxe1 26. Qxe1 Bb7 27. c4 Nf8 28. Ng3 Ng6 29. Nh5 Rf8 30. Nf6+ Rxf6 31. exf6 Qxf6 32. a3 e5 33. g3 Qc6 34. Ra2 Qh1+ 35. Kf2 Qg2# 0-1

[Event "Reykjavik Open 2025"]
[Site "Reykjavik"]
[Date "2025.04.14"]
[Round "8.195"]
[White "Erlendsson Weinert, Robin Peter"]
[Black "Santoro, Michele"]
[Result "0-1"]
[WhiteElo "1405"]
[WhiteFideId "2330954"]
[BlackElo "1649"]
[BlackFideId "28549260"]
[Variant "Standard"]
[StudyName "ROpen 2025 - Rd8 - Boards 173-END"]
1. e4 e5 2. Nf3 Nf6 3. Nc3 Bb4 4. d3 d5 5. Bd2 d4 6. Nb1 Bd6 7. c3 c5 8. a3 a5 9. Bg5 h6 10. Bxf6 Qxf6 11. Nbd2 O-O 12. Nc4 Bg4 13. Be2 Bxf3 14. Bxf3 Nc6 15. Nb6 Rad8 16. Nd5 Qg5 17. g3 Ne7 18. h4 Qg6 19. Bh5 Qe6 20. Bg4 Qg6 21. Bf3 Nxd5 22. exd5 f5 23. Qe2 Qf6 24. O-O-O dxc3 25. Rhf1 cxb2+ 26. Qxb2 b5 27. Qxb5 Rb8 28. Qc4 e4 29. Qa2 exf3 30. Rfe1 Qc3+ 31. Qc2 Qxa3+ 32. Kd2 Rb2 0-1

[Event "Reykjavik Open 2025"]
[Site "Reykjavik"]
[Date "2025.04.14"]
[Round "8.198"]
[White "Seum, Ferdinand"]
[Black "Kaalinnguaq Thorleifsen, Thomas"]
[Result "1-0"]
[WhiteElo "1772"]
[WhiteFideId "34624350"]
[BlackElo "1552"]
[BlackFideId "2330938"]
[Variant "Standard"]
[StudyName "ROpen 2025 - Rd8 - Boards 173-END"]
1. c4 e5 2. Nc3 b6 3. Nf3 d6 4. e3 Be7 5. d4 f6 6. Bd3 Bb7 7. O-O Nh6 8. d5 Nf7 9. Qc2 Nd7 10. Bxh7 Nf8 11. Bd3 Nh6 12. Nh4 Bc8 13. Ng6 Rg8 14. f4 f5 15. Nxe7 Qxe7 16. e4 g6 17. fxe5 dxe5 18. Bxh6 Qh4 1-0

[Event "Reykjavik Open 2025"]
[Site "Reykjavik"]
[Date "2025.04.14"]
[Round "8.199"]
[White "Stepniewski, Artur"]
[Black "Fisker, Bo Top"]
[Result "1-0"]
[WhiteElo "1667"]
[WhiteFideId "118104518"]
[BlackElo "1451"]
[BlackFideId "2330911"]
[Variant "Standard"]
[StudyName "ROpen 2025 - Rd8 - Boards 173-END"]
1. e4 e5 2. d4 exd4 3. c3 d5 4. exd5 Qxd5 5. cxd4 Nc6 6. Nf3 h6 7. Nc3 Bb4 8. Bd2 Bxc3 9. Bxc3 Nf6 10. Be2 O-O 11. O-O Bg4 12. Qd3 Rfe8 13. Rfe1 Bf5 14. Qb5 Qxb5 15. Bxb5 a6 16. Bxc6 bxc6 17. Ne5 Be4 18. f3 Bd5 19. Ba5 Rab8 20. b3 Rbc8 21. Kf2 Nh5 22. g3 Nf6 23. Rac1 Re6 24. Nd3 Ne8 25. Rxe6 fxe6 26. Nb4 Nd6 27. Nxc6 Bxc6 28. Rxc6 Nb5 29. Ke3 Kf7 30. a4 Nd6 31. Rxc7+ Rxc7 32. Bxc7 Nf5+ 33. Ke4 Ne7 34. Bd6 Nd5 35. Kd3 Ke8 36. b4 g6 37. b5 axb5 38. axb5 Kd7 39. Bc5 Kc7 40. Ke4 Nc3+ 41. Ke5 Nxb5 42. Kxe6 Kc6 43. Kf6 Kd5 44. Kxg6 Nxd4 45. Bxd4 Kxd4 46. f4 Ke3 47. f5 Kf3 48. f6 Kg2 49. f7 Kxh2 50. Kxh6 Kxg3 51. f8=Q Kg4 52. Qc5 Kf4 53. Kg6 Ke4 54. Kf6 Kd3 55. Qb4 Ke3 56. Kf5 Kd3 57. Ke5 Ke3 58. Qa3+ Ke2 59. Kd4 Kf2 60. Ke4 Kg2 61. Kf4 Kh2 62. Kg4 Kg1 63. Qa2 Kf1 64. Kf3 Ke1 65. Qe2# 1-0